| 000 | 01514cam a2200385 a 4500 | ||
|---|---|---|---|
| 999 |
_c116133 _d116133 |
||
| 001 | 17253607 | ||
| 003 | OSt | ||
| 005 | 20200613121949.0 | ||
| 008 | 111213s2010 ii b 101 0 eng | ||
| 010 | _a 2012335415 | ||
| 020 | _a9780415585668 | ||
| 025 | _aI-E-2012-335415; 63-92 | ||
| 035 | _a(IN-NdUBS) 2012335415 | ||
| 037 | _bLibrary of Congress -- New Delhi Overseas Office | ||
| 040 |
_aDLC _cDLC _dDLC |
||
| 042 |
_alcode _apcc |
||
| 050 | 0 | 0 |
_aBL2015.R44 _bR44 2010 |
| 082 | _a306.60954 MAH | ||
| 245 | 0 | 0 |
_aReligion, community, and development : _bChanging contours of politics and policy in India / _ceditors, Gurpreet Mahajan, Surinder S. Jodhka. |
| 260 |
_aNew Delhi ; _aAbingdon : _bRoutledge, _c2010. |
||
| 300 |
_axii, 336 p. ; _c22 cm. |
||
| 490 | 0 | _aReligion and citizenship | |
| 504 | _aIncludes bibliographical references and index. | ||
| 520 | _aPapers presented at a seminar organized at Jawaharlal Nehru University on Mar., 2007. | ||
| 650 | 0 |
_aReligious pluralism _xPolitical aspects _zIndia _vCongresses. |
|
| 650 | 0 |
_aReligious communities _zIndia _xSocial conditions _vCongresses. |
|
| 650 | 0 |
_aReligious communities _zIndia _xEconomic conditions _vCongresses. |
|
| 650 | 0 |
_aReligious minorities _xGovernment policy _zIndia _vCongresses. |
|
| 700 | 1 | _aMahajan, Gurpreet. | |
| 700 | 1 | _aJodhka, Surinder S. | |
| 710 | 2 | _aJawaharlal Nehru University. | |
| 906 |
_a7 _bcbc _corigode _d3 _encip _f20 _gy-gencatlg |
||
| 942 |
_2ddc _cIR |
||